| 000 | 01331cad a22002055a 4500 | ||
|---|---|---|---|
| 001 | L150471 | ||
| 008 | 100716s2010 xxk 000 0 eng d | ||
| 035 | _a(Sirsi) u150471 | ||
| 041 | 0 | _aeng | |
| 050 | 0 | 4 | _a333.33 $2 18 |
| 110 | 2 |
_aBNP Paribas Real Estate _95715 |
|
| 245 | 0 | 4 |
_aThe road to recovery _blearning from the past and looking to the future - July 2010 _h[electronic resource] |
| 260 |
_a[S.l.] _cBNP Paribas Real Estate, 2010 |
||
| 520 | _aPredicts the state of the UK property market in 2012 through an analysis of past recessions. Capital values will remain flat overall until 2012 and rents fairly static. With this recession market values could take until at least 2025 to return to their 2007 peak. Banks should continue to asset manage positions actively using experienced surveyors or property companies to restore value. It is now essential that banks get better at assessing risk and adopt due diligence properly across the sector. | ||
| 590 | _aKA NTK | ||
| 651 | 4 |
_aUnited Kingdom _y |
|
| 690 | _aPROPERTY-COMMERCIAL PROPERTY-COMMERCIAL PROPERTY FINANCE AND INVESTMENT | ||
| 856 | 4 | 8 |
_uhttps://www.realestate.bnpparibas.co.uk/pages/etudes_sectorielles/resultrecherche_uk.php?s_wbg_menu=538&p=gb&l=en&t=defaut&toutes=1 _zView this report free of charge at www.realestate.bnpparibas.co.uk |
| 942 | _n0 | ||
| 999 |
_c110889 _d110889 |
||